000 00549nam a2200205 a 4500
001 13856
003 CO-ViMGA
008 141112s2004 ck r 000 u spa d
020 _a8425509998
040 _aCO-ViMGA
_bspa
_cCO-ViMGA
082 0 4 _a794.124 P652a
100 1 _aPonce S., Lorenzo
_920200
245 1 0 _aAjedrez :
_bteoria y practica de los finales
260 _aBarcelona :
_bHispano Europea,
_c1994
300 _a201
490 _aJaque Mate
590 _aForma de adquisición : Compra
650 1 4 _aAJEDREZ
_920201
942 _2ddc
_cBK
999 _c24558
_d24558